Clarke Hall and Morrison on children Vol.3 / (Record no. 2892)
[ view plain ]
| 000 -LEADER | |
|---|---|
| fixed length control field | 01076nam a22002537a 4500 |
| 005 - DATE AND TIME OF LATEST TRANSACTION | |
| control field | 20110614124637.0 |
| 008 - FIXED-LENGTH DATA ELEMENTS--GENERAL INFORMATION | |
| fixed length control field | 110614t xxu||||| |||| 00| 0 eng d |
| 020 ## - INTERNATIONAL STANDARD BOOK NUMBER | |
| International Standard Book Number | 0406158118 |
| 040 ## - CATALOGING SOURCE | |
| Original cataloging agency | LDC |
| 082 ## - DEWEY DECIMAL CLASSIFICATION NUMBER | |
| Edition number | 22 |
| Classification number | 344.420327 CLA |
| 245 ## - TITLE STATEMENT | |
| Title | Clarke Hall and Morrison on children Vol.3 / |
| 250 ## - EDITION STATEMENT | |
| Edition statement | [10th ed.] _ |
| Remainder of edition statement | Consulting editor Dame Margaret Booth / Editors Brian Harris, Richard A.H. White. |
| 260 ## - PUBLICATION, DISTRIBUTION, ETC. (IMPRINT) | |
| Place of publication, distribution, etc | London : |
| Name of publisher, distributor, etc | Butterworths, |
| Date of publication, distribution, etc | c 1985-1997 |
| 300 ## - PHYSICAL DESCRIPTION | |
| Extent | v. (loose-leaf) ; |
| Dimensions | 26 cm. |
| 500 ## - GENERAL NOTE | |
| General note | Previous ed.: 1977. |
| 500 ## - GENERAL NOTE | |
| General note | Includes index. |
| 650 ## - SUBJECT ADDED ENTRY--TOPICAL TERM | |
| Topical term or geographic name as entry element | Children |
| Form subdivision | Handbooks, manuals, etc. |
| General subdivision | Legal status, laws, etc. |
| Geographic subdivision | England |
| 9 (RLIN) | 5523 |
| 650 ## - SUBJECT ADDED ENTRY--TOPICAL TERM | |
| Topical term or geographic name as entry element | Children |
| Form subdivision | Handbooks, manuals, etc. |
| General subdivision | Legal status, laws, etc. |
| Geographic subdivision | Wales |
| 9 (RLIN) | 5524 |
| 700 ## - ADDED ENTRY--PERSONAL NAME | |
| Personal name | Morrison, A. C. L. |
| Dates associated with a name | 1881-1960. |
| Fuller form of name | (Arthur Cecil Lockwood), |
| 9 (RLIN) | 5525 |
| 700 ## - ADDED ENTRY--PERSONAL NAME | |
| Personal name | Harris, Brian, |
| Dates associated with a name | 1932- |
| 9 (RLIN) | 5526 |
| 700 ## - ADDED ENTRY--PERSONAL NAME | |
| Personal name | White, R. A. H. |
| Fuller form of name | (Richard Andrew Hedges) |
| 9 (RLIN) | 5527 |
| 942 ## - ADDED ENTRY ELEMENTS (KOHA) | |
| Source of classification or shelving scheme | Dewey Decimal Classification |
| Item type | Books |
| Withdrawn status | Lost status | Source of classification or shelving scheme | Damaged status | Not for loan | Home library | Current library | Shelving location | Date acquired | Total Checkouts | Full call number | Barcode | Date last seen | Price effective from | Koha item type |
|---|---|---|---|---|---|---|---|---|---|---|---|---|---|---|
| Dewey Decimal Classification | Law Development Centre Main Library | Law Development Centre Main Library | Text Books and Laws | 06/14/2011 | 344.420327 CLA | 2011/2201 | 06/14/2011 | 06/14/2011 | Books |
